=LDR 00000nam 2200000 4500 =001 INLIS000000000016490 =005 20130612111759 =008 ***********************************Ind** =035 ##$$0010-061300000016490 =041 ##$$a Ind =082 ##$$a 658.3 =090 ##$$a 658.3, Suj m =100 ##$$a Sujana, Himawan R =245 ##$$a Meraih kesusksesan bersama bawahan anda, Pedoman bagi pencari kerja, Himawan R. Soejana =260 ##$$a 2002 $b Yogyakarta =300 ##$$a xii, 203 hlm, 20 cm =650 ##$$a Manajemen Kepegawaian =850 ##$$a NBPNMAT